[Event "Texas Amateur-ch"]
[Site "Dallas"]
[Date "2003.05.24"]
[Round "2"]
[White "Mirgorodsky, Yuri"]
[Black "Cunningham, Thomas L"]
[Result "1/2-1/2"]
[WhiteElo "1742"]
[BlackElo "1949"]
[PlyCount "55"]
[EventDate "2003.05.23"]
[EventType "swiss"]
[EventRounds "7"]
[EventCountry "USA"]
[SourceTitle "EXT 2005"]
[Source "ChessBase"]
[SourceDate "2004.11.15"]
[SourceVersion "1"]
[SourceVersionDate "2004.11.15"]
[SourceQuality "1"]

1. e4 Nc6 2. d4 d5 3. e5 Bf5 4. Bb5 a6 5. Bxc6+ bxc6 6. Nc3 e6 7. Nge2 c5 8. 0-0 h5 9. Be3 cxd4 10. Nxd4 Bg6 11. Nb3 Nh6 12. f3 Nf5 13. Bf2 Bb4 14. Ne2 Qg5 15. f4 Qd8 16. c3 Be7 17. Ned4 Qd7 18. a4 Nh6 19. Nf3 Nf5 20. Nc5 Qc6 21. b4 0-0 22. Qd2 Rfd8 23. Nd4 Nxd4 24. Bxd4 Bf5 25. h3 Bxc5 26. Bxc5 a5 27. Qd1 Bg6 28. Bd4 1/2-1/2